| 000 | 00559nam a22001937a 4500 | ||
|---|---|---|---|
| 003 | OSt | ||
| 005 | 20170323190625.0 | ||
| 008 | 160616b xxu||||| |||| 00| 0 eng d | ||
| 020 | _a3527312552 | ||
| 040 | _cDMLN | ||
| 082 | _aQV737 M566s 2005 | ||
| 100 |
_aEditd by Joachim, Ermer; John, H. Miller _99457 |
||
| 245 |
_aMethod Validation in Pharmaceutical analysis: _ba guide to best practice |
||
| 260 |
_aWeinheim; _bWiley, _c2005. |
||
| 300 |
_axiv,403p; _bill; _c25cm. |
||
| 504 | _aincludes index. | ||
| 650 |
_aPharmacuticals _99458 |
||
| 942 |
_2z _cO_SHELF |
||
| 999 |
_c4395 _d4395 |
||